Košice Mlýnská ul.

Zobrazenie: Pohľad v bielom orámovaní na ulciu s vysokými budovami po oboch stranách. V pozadí vľavo vidno na jej konci Dóm sv. Alžbety. Vpravo v pozadí je na konci ulice jedna osoba

Bibliographic Details
Format: Postcard
Language:Slovak
PhysicalDescription:1 pohľadnica tónovaná do modra 15 x 10 cm
Published: Košice Fried [1938?]
Subjects:

MARC

LEADER 00000nkm a2200000 a 4500
001 vtls011877621
003 SK-MaSNL
005 20260512125353.0
007 kp ao
008 240703q1938 xo g kuslo
015 |a SNBG1938 
035 |a urn:nbn:sk:snk-km00dvg3 
035 |a urn:nbn:sk:snk-km3lsly 
035 |a 473FD269-C58E-4A6A-8690-C92969E51387 
040 |a SNK  |b slo  |c SNK  |e AACR2 
041 0 |a slo 
043 |a e-xo--- 
044 |a xo  |c SK 
072 7 |a 913  |x Regionálna geografia  |2 konspekt 
080 |a 913(437.6)  |2 2011 
080 |a 711.73  |2 2011 
080 |a (084.121)  |2 2011 
080 |a 726:27-523.41  |2 2011 
245 0 0 |a Košice  |h grafika  |b Mlýnská ul. 
260 |a Košice  |b Fried  |c [1938?] 
300 |a 1 pohľadnica  |b tónovaná do modra  |c 15 x 10 cm 
520 8 |a Zobrazenie: Pohľad v bielom orámovaní na ulciu s vysokými budovami po oboch stranách. V pozadí vľavo vidno na jej konci Dóm sv. Alžbety. Vpravo v pozadí je na konci ulice jedna osoba 
610 2 7 |a Dóm sv. Alžbety (Košice, Slovensko)  |2 SNKKA  |9 34070 
650 0 7 |a ulice  |2 SNKPH  |9 2938 
650 0 7 |a katedrály  |2 SNKPH  |9 3032 
651 7 |a Košice (Slovensko)  |2 SNKPHgeo  |9 18694 
655 7 |a miestne pohľadnice  |2 SNKPH  |9 70510 
852 |a Slovenská národná knižnica 
958 |a EUIPO 
958 |a GBN 
958 |a GC 
958 |a OND 
999 |c 1033231  |d 1035161 
952 |a SNK  |b SNK  |y PREZ  |7 0  |p 17A1285269  |o snkSP 86156  |z Pohľadnica prešla poštou.  |0 0  |1 0  |4 0  |d 2019-07-17  |f 1  |l 0  |r 2026-02-24 14:00:31  |w 2026-02-24